| 000 | 03048nam a2200421 i 4500 | ||
|---|---|---|---|
| 001 | 2843 | ||
| 003 | gtuscu | ||
| 005 | 20260511125513.0 | ||
| 007 | ta | ||
| 008 | 260511e2006 gt a|||| |||| 00| 0 spa d | ||
| 040 |
_agtuscu _bspa _cgtuscu _dgtuscu _erda |
||
| 082 | 0 | 4 | _aCEUR 333.32 P171 |
| 100 | 1 |
_aPalma Urrutia, Huber Ernesto _910 _ecreador |
|
| 245 | 1 |
_aLatifundio y urbanización en Guatemala / _cHuber Ernesto Palma Urrutia |
|
| 264 | 1 |
_aGuatemala : _bUniversidad de San Carlos de Guatemala, Centro de Estudios Urbanos y Regionales, _c2006. |
|
| 300 |
_a295 páginas : _bilustraciones blanco y negro ; _c21 cm |
||
| 336 |
_2rdacontenido _atexto _btxt |
||
| 337 |
_2rdamedio _asin mediación _bn |
||
| 338 |
_2rdasoporte _avolumen _bnc |
||
| 490 |
_aEl Proceso de urbanización en Guatemala 1944-2002 ; _vvolumen V |
||
| 505 | 0 | _gLista de abreviaturas | |
| 505 | 0 | _gPresentación -- | |
| 505 | 0 | _gIntroducción -- | |
| 505 | 0 |
_gCapítulo I. _tExploración a la tenencia agraria -- |
|
| 505 | 0 |
_gCapítulo II. _tLa teoría de la renta de la tierra -- |
|
| 505 | 0 |
_gCapítulo III. _tAproximación a la tierra urbana -- |
|
| 505 | 0 | _gReflexiones Finales -- | |
| 505 | 0 | _gConclusiones -- | |
| 505 | 0 | _gApéndices -- | |
| 505 | 0 | _gBibliografía y Referencias -- | |
| 505 | 0 | _gListado de Cuadros -- | |
| 505 | 0 | _gListado de Gráficas -- | |
| 505 | 0 | _gListado de Mapas. | |
| 520 | 3 | _aRechazando de manera crítica el enfoque tradicional que separa la cosa rural de la cosa urbana, el presente estudio indica que la ocupación, la posesión y la propiedad de la tierra agraria son determinantes importantes para analizar y explicar el proceso de urbanización en Guatemala. Esta investigación aborda de manera analítica la estructura de tenencia agraria, la teoría de la renta de la tierra, el proceso de urbanización y creación del suelo urbano en Guatemala, las características del alojamiento y hogares guatemaltecos, así como la gestión de la tierra urbana, como puntos de inicio para aproximarse a una percepción de la estructura de posesión de la tierra urbana. La exploración de la tenencia agraria y la aproximación a la tenencia de la tierra urbana, permiten afirmar que la estructura de la propiedad y la tenencia de la tierra, por demás concentradora, monopólica y oligopólica, han determinado que el proceso de urbanización, en Guatemala se haya dado, al menos de 1950 al 2003, bajo una condición de elevada retención de suelo potencialmente urbano. Además, dentro de un marco de desarrollo capitalista frágil y tardío, por demás rentista, que a su vez determina un retardado proceso de urbanización cuyas características están asociadas a la pobreza, la vulnerabilidad, el riesgo y el desastre, a ciudades y centros urbanos plagados de informalidad, irregularidades, precariedad y caos urbanístico. | |
| 650 | 1 | 4 |
_aTenencia de la tierra _zGuatemala _2LEMB _9128 |
| 650 | 1 | 4 |
_aDistribución de tierras _zGuatemala _2LEMB _9129 |
| 942 |
_2ddc _cBK _hCEUR 333.32 P171 _n0 |
||
| 999 |
_c2843 _d2843 |
||